Countries Closest to Somalia - 15 Second Sprint - Statistics

General Stats
  • This quiz has been taken 45 times
  • The average score is 7 of 20
Answer Stats
km country miles % Correct
0 Kenya 0
81%
0 Djibouti 0
77%
0 Ethiopia 0
77%
117 Eritrea 72
73%
133 Yemen 83
65%
749 Sudan 465
54%
571 Oman 355
46%
425 Tanzania 264
42%
666 Uganda 414
38%
550 Saudi Arabia 341
31%
597 South Sudan 371
27%
1082 Dem Rep Congo 672
15%
1135 Rwanda 705
12%
1233 United Arab Emirates 766
8%
1155 Burundi 718
4%
1232 Malawi 766
4%
988 Mozambique 614
4%
1280 Zambia 795
4%
1098 Comoros 682
0%
1209 Seychelles 751
0%
No matching quizzes found
Score Distribution
Percent of People with Each Score
Percentile by Number Answered
Your Score History
You have not taken this quiz